Statistiques concernant Football | Parcours de joueurs de Ligue 1 #3

Cliquez ici pour prendre le quiz!

Statistiques générales

  • Ce quiz a été pris 38 fois
  • Le résultat moyen est 3 sur 10

Statistiques - réponses

Réponse% Correct
Georges-Kévin Nkoudou
82%
Nicolas Seube
41%
Darío Cvitanich
35%
Frédéric Sammaritano
26%
Lionel Mathis
18%
Stéphane Ziani
18%
Grégory Thil
15%
Pierre-Yves André
15%
Elliot Grandin
12%
Pierre Ducasse
6%

Distribution des résultats

Percentile par nombre de réponses

% des personnes avec chaque résultat

Votre développement - résultats

Vous n’avez pas pris ce quiz